000 01282nam a2200301 4500
003 EC-UNACH
005 20251218175040.0
006 s||||gr|||| 00| 00
008 150116t9999 mx r gr 000 0 spa d
020 _a978-958-762-015-3
040 _aEC-UNACH
_cEC-UNACH
041 _aspa
082 0 4 _223
_a658.8
_bL018533
110 _aEdiciones de la U
245 _aMarketing manual de formación.
250 _aPrimera edición
264 _aColombia
_bEdiciones de la U
_c2011
300 _a175
505 _a- El concepto y el contenido del marketing - El entorno del marketing - La planificación estratégica de marketing - El análisis de las oportunidades de marketing y la definición del mercado - El comportamiento de los consumidores - La competencia - La segmentación del mercado y el posicionamiento - El producto - El precio de venta - La distribución - La publicidad y las relaciones públicas - La fuerza de ventas y la promoción de ventas - Implementación y control de plan de marketing.
650 _aMERCADEO
650 _aPLANIFICACIÓN ESTRATEGICA
650 _aVENTAS
700 _aLaura Torres Tirado
942 _2ddc
_c1
999 _c14325